000 00342nam a2200157Ia 4500
003 0STCL
008 150530s9999 xx 000 0 und d
040 _aSTCL
_cSTCL
100 _aLaurence Perrine
245 _aStory and structure
260 _c1959
546 _aEnglish
942 _2ddc
_cBK
999 _c45442
_d45442
005 20220125170650.0